Statistics for Most To Least Democratic Countries In The Americas

Click here to take the quiz!

General Stats

  • This quiz has been taken 37 times
  • The average score is 22 of 27

Answer Stats

IndexRank#Answer% Correct
8.87Full DemocracyCCanada
100%
7.85Flawed DemocracyUUnited States
89%
8.85Full DemocracyUUruguay
89%
7.02Flawed DemocracyAArgentina
83%
8.16Full DemocracyCCosta Rica
83%
6.85Flawed DemocracyPPanama
83%
7.21Flawed DemocracyTTrinidad and Tobago
83%
2.59Hard AutocracyCCuba
81%
5.72Hybrid RegimeEEl Salvador
81%
6.98Flawed DemocracyJJamaica
81%
2.03Hard AutocracyVVenezuela
81%
6.92Flawed DemocracyBBrazil
78%
8.08Full DemocracyCChile
78%
6.46Flawed DemocracyCColombia
78%
6.54Flawed DemocracyDDominican Republic
78%
6.13Flawed DemocracyEEcuador
78%
4.97Hybrid RegimeGGuatemala
78%
3.48Moderate AutocracyHHaiti
78%
5.10Hybrid RegimeHHonduras
78%
2.69Hard AutocracyNNicaragua
78%
6.18Flawed DemocracyPParaguay
78%
6.60Flawed DemocracyPPeru
78%
6.26Flawed DemocracyGGuyana
75%
6.23Flawed DemocracyBBelize
72%
4.84Hybrid RegimeBBolivia
72%
5.57Hybrid RegimeMMexico
72%
6.82Flawed DemocracySSuriname
72%

Score Distribution

Percentile by Number Answered

Percent of People with Each Score

Your Score History

You have not taken this quiz